schwedische Wörter ins deutsche übersetzen (leicht) - Statistiken

Allgemein
  • Dieses Quiz wurde 31 mal gespielt
  • Das Durchschnittsergebnis liegt bei 10 aus 15
Antwortstatistiken
Hint Antwort % Korrekt
Hej Hallo
100%
Nej Nein
100%
Bra Gut
97%
God morgon Guten Morgen
97%
Familj Familie
93%
Student Schüler/Student
90%
Tack Danke
80%
God kväll Guten Abend
60%
Hej då tschüss
60%
Barn Kind
53%
Dricka trinken
53%
Äta essen
50%
vän Freund/Kumpel
40%
Sova Schlafen
33%
Springa rennen
20%
Keine übereinstimmenden Quizze gefunden
Verteilung der Resultate
Anzahl Personen mit jedem Resultat
Perzentil nach korrekt beantworteten Fragen
Ihre Resultats-Entwicklung
Sie haben dieses Quiz noch nicht gespielt